00817nas a2200253 4500001001300000003000900013005001700022007000300039008003400042040005400076041000900130072000800139100002000147100003100167100002300198100001400221245010000235650001000335650001700345650000900362650002100371773012100392856005000513BR2014005880BR-BrBNA20231205124517.0ta230509b bl.|||p| |||| 00| 00por d aBR-BrBNAbporcBiblioteca Nacional de Agricultura a(Pt) aT011 aOliveira, C. de1 aAmaral Sobrinho, N.M.B. do1 aMarques, V. dos S.1 aMazur, N.1 aEfeitos da aplicação do lodo de esgoto enriquecido com cádmio e zinco na cultura do arroz aARROZ aMETAL PESADO aSOLO aCONTAMINAÇÃO0 tRevista Brasileira de Ciência do Solo (Brazil)xISSN 0100-0683 g(Jan-Feb 2005), v. 29(1) p. 109-116wBR201400588040uhttp://www.scielo.br/pdf/rbcs/v29n1/23527.pdf